| 000 | 00617nam a22002537a 4500 | ||
|---|---|---|---|
| 003 | UA-OsUOA | ||
| 001 | 28455 | ||
| 007 | ta | ||
| 008 | 20050330b un ||||| |||| 00| 0 ukr d | ||
| 100 | _aАнджей Вайда | ||
| 090 |
_a791.43:82-94(438) _bА14 |
||
| 942 | _cBK | ||
| 040 |
_aUA-OsUOA _bukr _cUA-OsUOA _dUA-OsUOA |
||
| 245 |
_aКіно і решта світу _bАвтобіографія |
||
| 300 | _a312 с. | ||
| 955 | _a0 | ||
| 041 | _aukr | ||
| 080 | _a791.43:82-94(438) | ||
| 020 | _a966-522-004-7 | ||
| 260 |
_aК. _bЕтнос _c2004 |
||
| 044 | _aUA | ||
| 650 | 7 | _2UDC | |
| 999 |
_c314822 _d314822 |
||